| 000 | 00790nam a2200217Ia 4500 | ||
|---|---|---|---|
| 005 | 20241129111415.0 | ||
| 008 | 241129s9999||||xx |||||||||||||| ||und|| | ||
| 020 | _a978-93-87145-24-5 | ||
| 037 | _aTB | ||
| 040 |
_aCRL _bhin _cCRL |
||
| 041 |
_ahin _2hin |
||
| 084 |
_aN44 152Q8 _qCRL |
||
| 100 | _aकश्यप, अभिषेक, ले. | ||
| 245 | 0 |
_aकलाकार का देखना: प्रसिद्ध चित्रकार अखिलेश से एक संवाद _cकश्यप, अभिषेक, ले. |
|
| 260 |
_aदिल्ली, भारत _bअनन्य प्रकाशन _c2018 |
||
| 300 | _a120पृ0 | ||
| 365 |
_aINR _b250 |
||
| 650 | _aFine Arts | ||
| 942 |
_cTB _hN44 152Q8 |
||
| 999 |
_c1230324 _d1230324 |
||